| 000 | 00502nam a22001577a 4500 | ||
|---|---|---|---|
| 003 | OSt | ||
| 005 | 20151205162125.0 | ||
| 008 | 151205b xxu||||| |||| 00| 0 eng d | ||
| 040 | _cRUA | ||
| 082 | _aATM ជា 1990 B188 Or.1 | ||
| 100 |
_94363 _aជា ម៉ូ |
||
| 245 | _aគំរោងសង់ឡើងវិញនូវរោងជាងជួសជុល នៅខេត្តព្រៃវែង. | ||
| 260 |
_aPhnom Penh _bRUA _c1990 |
||
| 300 |
_a111p. _bill. _c29cm. |
||
| 942 |
_2ddc _cATM |
||
| 999 |
_c4066 _d4066 |
||